Transmission lines and wave propagation / (Record no. 175541)
[ view plain ]
| 000 -LEADER | |
|---|---|
| fixed length control field | 01200 a2200229 4500 |
| 003 - CONTROL NUMBER IDENTIFIER | |
| control field | Nust |
| 005 - DATE AND TIME OF LATEST TRANSACTION | |
| control field | 20220803152431.0 |
| 010 ## - LIBRARY OF CONGRESS CONTROL NUMBER | |
| LC control number | 91028063 |
| 040 ## - CATALOGING SOURCE | |
| Transcribing agency | Nust |
| 082 00 - DEWEY DECIMAL CLASSIFICATION NUMBER | |
| Classification number | 621.3192,MAG |
| 100 1# - MAIN ENTRY--PERSONAL NAME | |
| Personal name | Magnusson, Philip Cooper. |
| 9 (RLIN) | 96458 |
| 245 10 - TITLE STATEMENT | |
| Title | Transmission lines and wave propagation / |
| Statement of responsibility, etc. | Philip C. Magnusson, Gerald C. Alexander, Vijai K. Tripathi. |
| 250 ## - EDITION STATEMENT | |
| Edition statement | 3rd ed. |
| 260 ## - PUBLICATION, DISTRIBUTION, ETC. | |
| Place of publication, distribution, etc. | Boca Raton, Fla. : |
| Name of publisher, distributor, etc. | CRC Press, |
| Date of publication, distribution, etc. | c1992. |
| 300 ## - PHYSICAL DESCRIPTION | |
| Extent | x, 460 p. : |
| Other physical details | ill. ; |
| Dimensions | 23 cm. |
| 505 ## - FORMATTED CONTENTS NOTE | |
| Formatted contents note | Introduction (Page-1), Wave Propagation On An Infinite Lossless Line (Page-11), Step-Function Waves On A Terminated Lossless Line (Page-25), Sinusoidal Traveling Waves On Lossy Line (Page-51), Wave Distortion On Lossy Lines (Page-73),Sinusoidal Voltages And Currents On A Terminated Line (Page-103), Impedance, Admittance And The Smith Chart (Page-131), The Ladder-Network Delay Line Or Artificial Line (Page-169), Electromagnetic Fields And Maxwell’s Equations (Page-193), Plane Electromagnetic Waves (Page-211). |
| 650 #0 - SUBJECT ADDED ENTRY--TOPICAL TERM | |
| Topical term or geographic name entry element | Electric lines. |
| 9 (RLIN) | 41292 |
| 650 #0 - SUBJECT ADDED ENTRY--TOPICAL TERM | |
| Topical term or geographic name entry element | Electromagnetic waves. |
| 9 (RLIN) | 10533 |
| 700 1# - ADDED ENTRY--PERSONAL NAME | |
| Personal name | Alexander, Gerald C. |
| 9 (RLIN) | 96459 |
| 700 1# - ADDED ENTRY--PERSONAL NAME | |
| Personal name | Tripathi, Vijai K. |
| 9 (RLIN) | 96460 |
| 942 ## - ADDED ENTRY ELEMENTS (KOHA) | |
| Source of classification or shelving scheme | |
| Koha item type | Book |
| Withdrawn status | Lost status | Source of classification or shelving scheme | Damaged status | Not for loan | Permanent Location | Current Location | Shelving location | Date acquired | Full call number | Barcode | Date last seen | Price effective from | Koha item type | Public note |
|---|---|---|---|---|---|---|---|---|---|---|---|---|---|---|
| Military College of Signals (MCS) | Military College of Signals (MCS) | Reference | 12/12/2016 | 621.3192,MAG | MCS30715 | 12/08/2016 | 12/12/2016 | Reference | Almirah No.20, Shelf No.4 |
